Tilastot visalle Sanat - "Mökkitie" - Arttu Wiskari

Klikkaa tästä pelataksesi tätä visaa!

Yleistilastot

  • Tätä visaa on pelattu 772 kertaa
  • Keskiarvotulos 121 / 142

Vastaustilastot

Vastaus% Oikein
faija
98%
Faija
98%
mökki
98%
ajaa
97%
anna
97%
mökkitie
97%
mun
97%
että
96%
ja
96%
lupaan
96%
saunaan
96%
vettä
96%
vie
96%
että
95%
mutsi
95%
oli
94%
tän
94%
vien
94%
kannot
90%
Kesä
90%
kivet
90%
muistin
90%
soratien
90%
89%
86
88%
Ei
88%
ei
88%
katsoa
88%
muistan
88%
pakkasi
88%
pelkäsi
88%
uus
88%
enää
87%
eväitä
87%
meidän
87%
melkein
87%
myytiin
87%
nauroi
87%
se
87%
takapenkillä
87%
Ukki
87%
vuonna
87%
ralli
86%
Henri
86%
idoli
86%
istuin
86%
jo
86%
pienten
86%
poikien
86%
ralli
86%
Sierra
86%
Kesäkuu
85%
Toivonen
85%
kertoi
84%
köytettynä
84%
eros
83%
jatkosodasta
83%
kerro
83%
mielessäni
83%
olin
83%
tankkas
83%
tule
83%
vöihin
83%
siitä
82%
vanhemmat
82%
alikersantti
81%
heinää
81%
reissuja
81%
Rokasta
81%
sodasta
81%
kasvaa
80%
kauemmin
80%
vain
80%
hymy
79%
lauloi
79%
nautin
79%
lomasta
78%
nahkatakkista
78%
tajunnut
78%
tyttöä
78%
ajamassa
77%
kävin
77%
korvissa
77%
mökkitien
77%
Dingo
76%
Honkanummella
76%
loppui
76%
mistään
76%
ukkikaan
76%
kerrottiin
75%
mulle
75%
arvostan
74%
eilen
74%
hänen
74%
nyt
74%
tekojaan
74%
mustiin
73%
pintoihin
72%
ymmärrän
72%
vaihtuneet
71%
tuolloin
70%
tutut
70%
enään
69%
paremmin
69%
tarinan
69%
reitit
67%
emmä
63%
Evitskogiin
60%

Tulosjakauma

Persentiili vastausten määrän mukaan

Jokaisen tuloksen saaneiden osuus

Tuloshistoriasi

Et ole pelannut tätä visaa